Theory of Mechanism and Machines (Record no. 3204)

MARC details
000 -LEADER
fixed length control field 00356nam a2200145Ia 4500
008 - FIXED-LENGTH DATA ELEMENTS--GENERAL INFORMATION
fixed length control field 191201s2006 xx 000 0 und d
082 ## - DEWEY DECIMAL CLASSIFICATION NUMBER
Classification number 621.8
Item number LAT
100 ## - MAIN ENTRY--PERSONAL NAME
Personal name LAL, Jagdish
245 #0 - TITLE STATEMENT
Title Theory of Mechanism and Machines
250 ## - EDITION STATEMENT
Edition statement 2nd Rep.
260 ## - PUBLICATION, DISTRIBUTION, ETC. (IMPRINT)
Place of publication, distribution, etc N.Delhi
Name of publisher, distributor, etc Metropolitan Book
Date of publication, distribution, etc 2006
300 ## - PHYSICAL DESCRIPTION
Extent 975
650 ## - SUBJECT ADDED ENTRY--TOPICAL TERM
Topical term or geographic name as entry element B.Tech(ME)
942 ## - ADDED ENTRY ELEMENTS (KOHA)
Source of classification or shelving scheme Dewey Decimal Classification
Koha item type Text Books
Holdings
Withdrawn status Lost status Source of classification or shelving scheme Damaged status Not for loan Collection code Home library Current library Date acquired Source of acquisition Cost, normal purchase price Bill Number Total Checkouts Full call number Acc. no. / Barcode Date last seen Bill Date Koha item type
    Dewey Decimal Classification     B.Tech(ME) PIET C-LIBRARY PIET C-LIBRARY 10/09/2007 UDH, Delhi 240.00 1494   621.8 LAT 7794 04/12/2019 24/08/2007 Text Books
    Dewey Decimal Classification     B.Tech(ME) PIET C-LIBRARY PIET C-LIBRARY 10/09/2007 UDH, Delhi 240.00 1494   621.8 LAT 7795 04/12/2019 24/08/2007 Text Books
    Dewey Decimal Classification     B.Tech(ME) PIET C-LIBRARY PIET C-LIBRARY 10/09/2007 UDH, Delhi 240.00 1494   621.8 LAT 7796 04/12/2019 24/08/2007 Text Books

Design & Developed by: PIET Central Library
R70 Miles Stone Pattikalyana Samalkha Panipat 132102
mail ID :- [email protected], Phone No:- 0180-2569700 Ex.216